Statistics for 2012 Year in Review

Click here to take the quiz!

General Stats

  • This quiz has been taken 39,273 times
    (26,108 since last reset)
  • The average score is 14 of 25

Answer Stats

ClueAnswer% Correct
What YOLO stands forYou Only Live Once
88%
Olympic host cityLondon
84%
It was legalized by Washington and ColoradoMarijuana
83%
Erotic trilogy, written by E.L. James, that topped best-seller listsFifty Shades
80%
Movie: Talking teddy bearTed
77%
Singer that gave birth to daughter Blue IvyBeyoncé Knowles
75%
Social networking website purchased by Facebook for $1 billionInstagram
69%
Song: "Call Me Maybe"Carly Rae Jepsen
69%
Song: "Gangnam Style"Psy
68%
Calendar used to make doomsday predictionsMayan
67%
Movie: James BondSkyfall
63%
Song: "Somebody That I
Used to Know"
Gotye
58%
Soccer player who scored 91 goalsLionel Messi
57%
Song: "Boyfriend"Justin Bieber
56%
Disovery of this "God particle" announced{Higgs} Boson
44%
Movie: Teenage tributesThe Hunger Games
42%
New York area "superstorm"Sandy
42%
State where Trayvon Martin was shotFlorida
41%
Famous singer who died in Los Angeles at age 48Whitney Houston
40%
Movie: Based on Dr. SeussThe Lorax
36%
What Queen Elizabeth celebrated on June 2Diamond Jubilee
34%
University whose football program was embroiled in a child abuse scandalPenn State
34%
Basketball player who sparked a short-lived "insanity" at Madison Square GardenJeremy Lin
31%
Mitt Romney's running matePaul Ryan
23%
At 2,080 feet tall, the Skytree opens in this cityTokyo
15%

Score Distribution

Percentile by Number Answered

Percent of People with Each Score

Your Score History

You have not taken this quiz since the last reset